Ориентационные зависимости отклика черенковского спектрометра с конвертером из ориентированного кристалла (Запись № 3530031)

Подробности
000 -МАРКЕР
контрольное поле 01830nam0a2200373 i 4500
001 - ИДЕНТИФИКАТОР ЗАПИСИ
контрольное поле RU\NLR\bibl\1949101
005 - ИДЕНТИФИКАТОР ВЕРСИИ
контрольное поле 20260405125023.0
021 ## - НОМЕР ГОСУДАРСТВЕННОЙ РЕГИСТРАЦИИ
Код страны Российская Федерация
Номер 2012-64328
Номер Листа государственной регистраци 4725
035 ## - ДРУГИЕ СИСТЕМНЫЕ НОМЕРА
Идентификатор записи (NLR Aleph) 001938268
100 ## - ДАННЫЕ ОБЩЕЙ ОБРАБОТКИ
Данные общей обработки 20120927d2012 k y0rusy50 ca
101 0# - ЯЗЫК РЕСУРСА
Язык текста, звукозаписи и т.д. русский
Язык резюме английский
102 ## - СТРАНА ПУБЛИКАЦИИ ИЛИ ПРОИЗВОДСТВА
Страна публикации Российская Федерация
105 ## - ПОЛЕ КОДИРОВАННЫХ ДАННЫХ: ТЕКСТОВЫЕ МАТЕРИАЛЫ, МОНОГРАФИЧЕСКИЕ
Кодированные данные о монографическом текстовом документе a |||||||||
200 1# - ЗАГЛАВИЕ И СВЕДЕНИЯ ОБ ОТВЕТСТВЕННОСТИ
Основное заглавие Ориентационные зависимости отклика черенковского спектрометра с конвертером из ориентированного кристалла
Первые сведения об ответственности В.А. Басков, В.В. Ким, Б.И. Лучков [и др.]
210 ## - ПУБЛИКАЦИЯ, РАСПРОСТРАНЕНИЕ И ДР.
Место издания, распространения и т.д. Москва
Имя издателя, распространителя и т. д. [б.и.]
Дата издания, распространения и т.д. 2012
215 ## - ФИЗИЧЕСКАЯ ХАРАКТЕРИСТИКА
Специфическое обозначение материала и объем 10 с.
Другие сведения о физической характеристике граф.
Размеры 21
225 1# - СЕРИЯ
Основное заглавие серии Препринт
Сведения об ответственности Федер. гос. бюджет. учреждение науки Физ. ин-т им. П.Н. Лебедева Рос. акад. наук ФИАН
Обозначение тома 17
300 ## - ОБЩИЕ ПРИМЕЧАНИЯ
Текст примечания Рез. на англ. яз.
320 ## - ПРИМЕЧАНИЯ О НАЛИЧИИ В ДОКУМЕНТЕ БИБЛИОГРАФИИ / УКАЗАТЕЛЯ
Текст примечания Библиогр.: с. 7 (16 назв.)
606 1# - НАИМЕНОВАНИЕ ТЕМЫ КАК ПРЕДМЕТ
Наименование темы Спектрометры ядерных частиц ливневые
Системный номер авторитетной/нормативной записи 1662381
Идентификатор авторитетной/нормативной записи RU\NLR\AUTH\661035338
606 ## - НАИМЕНОВАНИЕ ТЕМЫ КАК ПРЕДМЕТ
Наименование темы Вольфрам
Тематический подзаголовок Кристаллы
-- Ливни частиц электромагнитные
Системный номер авторитетной/нормативной записи 2393049
Идентификатор авторитетной/нормативной записи RU\NLR\AUTH\661426952
686 1# - ИНДЕКСЫ ДРУГИХ КЛАССИФИКАЦИЙ
Индекс В381.54
686 1# - ИНДЕКСЫ ДРУГИХ КЛАССИФИКАЦИЙ
Индекс В386.3
701 #1 - ИМЯ ЛИЦА - АЛЬТЕРНАТИВНАЯ ОТВЕТСТВЕННОСТЬ
Код отношения Автор
Материалы, к которым относится поле rus
Графика поля Кириллица
Начальный элемент ввода Басков
Часть имени, кроме начального элемента ввода В. А.
Расширение инициалов личного имени Владимир Алексеевич
Идентификатор авторитетной/нормативной записи RU\NLR\auth\7743645
Системный номер авторитетной/нормативной записи 26588
701 #1 - ИМЯ ЛИЦА - АЛЬТЕРНАТИВНАЯ ОТВЕТСТВЕННОСТЬ
Код отношения Автор
Материалы, к которым относится поле rus
Графика поля Кириллица
Начальный элемент ввода Ким
Часть имени, кроме начального элемента ввода В. В.
Расширение инициалов личного имени Валерий Валентинович
Идентификатор авторитетной/нормативной записи RU\NLR\auth\7750374
Системный номер авторитетной/нормативной записи 33309
701 #1 - ИМЯ ЛИЦА - АЛЬТЕРНАТИВНАЯ ОТВЕТСТВЕННОСТЬ
Код отношения Автор
Материалы, к которым относится поле rus
Графика поля Кириллица
Начальный элемент ввода Лучков
Часть имени, кроме начального элемента ввода Б. И.
Даты 1932-
Расширение инициалов личного имени Борис Иванович
Идентификатор авторитетной/нормативной записи RU\NLR\auth\7750376
Системный номер авторитетной/нормативной записи 33311
701 #1 - ИМЯ ЛИЦА - АЛЬТЕРНАТИВНАЯ ОТВЕТСТВЕННОСТЬ
Код отношения Автор
801 #0 - ИСТОЧНИК ЗАПИСИ
Страна Российская Федерация
Организация NLR
Дата составления 20120927
Правила каталогизации RCR
801 #1 - ИСТОЧНИК ЗАПИСИ
Страна Российская Федерация
Организация NLR
Дата составления 20120927
942 ## - ДОПОЛНИТЕЛЬНЫЕ ЭЛЕМЕНТЫ ЗАПИСИ (АБИС)
Тип экземпляра АБИС Книга
980 ## - КОЛЛЕКЦИЯ
Название коллекции НБР

Нет доступных экземпляров.